Structural geology / (Record no. 1351)
[ view plain ]
| 000 -LEADER | |
|---|---|
| fixed length control field | 00848cam a2200253 i 4500 |
| 003 - CONTROL NUMBER IDENTIFIER | |
| control field | EG-ScBUE |
| 005 - DATE AND TIME OF LATEST TRANSACTION | |
| control field | 20260119100702.0 |
| 008 - FIXED-LENGTH DATA ELEMENTS--GENERAL INFORMATION | |
| fixed length control field | 150813s1997 ii a f b 001 0 eng d |
| 020 ## - INTERNATIONAL STANDARD BOOK NUMBER | |
| International Standard Book Number | 8120300599 |
| 040 ## - CATALOGING SOURCE | |
| Original cataloging agency | EG-ScBUE |
| Language of cataloging | eng |
| Description conventions | rda |
| Transcribing agency | EG-ScBUE |
| Modifying agency | EG-ScBUE |
| 082 04 - DEWEY DECIMAL CLASSIFICATION NUMBER | |
| Classification number | 551.8 |
| Item number | BIL |
| Edition number | 22 |
| 100 1# - MAIN ENTRY--PERSONAL NAME | |
| Personal name | Billings, Marland P., |
| Relator term | author. |
| 245 10 - TITLE STATEMENT | |
| Title | Structural geology / |
| Statement of responsibility, etc | Marland P. Billings, professor of geology, Harward University. |
| 250 ## - EDITION STATEMENT | |
| Edition statement | Third edition. |
| 264 #1 - PUBLICATION, DISTRIBUTION, ETC. (IMPRINT) | |
| Place of publication, distribution, etc | New Delhi : |
| Name of publisher, distributor, etc | Prentice Hall of India, |
| Date of publication, distribution, etc | 1997. |
| 300 ## - PHYSICAL DESCRIPTION | |
| Extent | xv, 606 pages : |
| Other physical details | illustrations ; |
| Dimensions | 24 cm |
| 336 ## - CONTENT TYPE | |
| Source | rdacontent |
| Content type term | text |
| Content type code | txt |
| 337 ## - MEDIA TYPE | |
| Media type term | unmediated |
| Source | rdamedia |
| Media type code | n |
| 338 ## - CARRIER TYPE | |
| Carrier type term | volume |
| Carrier type code | nc |
| Source | rdacarrier |
| 504 ## - BIBLIOGRAPHY, ETC. NOTE | |
| Bibliography, etc | Includes bibliographical references and index.<br/> |
| 650 #7 - SUBJECT ADDED ENTRY--TOPICAL TERM | |
| Topical term or geographic name as entry element | Geology, Structural. |
| Source of heading or term | BUEsh |
| 655 ## - INDEX TERM--GENRE/FORM | |
| Form subdivision | Reading book |
| 942 ## - ADDED ENTRY ELEMENTS (KOHA) | |
| Koha item type | Book - Borrowing |
| Source of classification or shelving scheme | Dewey Decimal Classification |
| Withdrawn status | Lost status | Source of classification or shelving scheme | Damaged status | Not for loan | Collection code | Home library | Current library | Shelving location | Date acquired | Source of acquisition | Cost, normal purchase price | Total Checkouts | Total Renewals | Full call number | Barcode | Date last seen | Cost, replacement price | Price effective from | Koha item type | Serial Enumeration / chronology | Date checked out |
|---|---|---|---|---|---|---|---|---|---|---|---|---|---|---|---|---|---|---|---|---|---|
| Dewey Decimal Classification | Baccah | Central Library | Central Library | First floor | 04/09/2006 | Purchase | 85.00 | 1 | 2 | 551.8 BIL | 000003110 | 15/07/2025 | 106.25 | 04/09/2006 | Book - Borrowing | ||||||
| Dewey Decimal Classification | Alahram | Central Library | Central Library | First floor | 10/06/2009 | 75.00 | 2 | 12 | 551.8 BIL | 000016785 | 15/07/2025 | 10/06/2009 | Book - Borrowing | 72 | 21/02/2019 | ||||||
| Dewey Decimal Classification | Alahram | Central Library | Central Library | First floor | 30/06/2009 | 15.10 | 551.8 BIL | 000017254 | 15/07/2025 | 30/06/2009 | Book - Borrowing | 72 | |||||||||
| Dewey Decimal Classification | Central Library | Central Library | First floor | 13/08/2015 | Purchase | 551.8 BIL | 000017204 | 15/07/2025 | 13/08/2015 | NB - Book (Non borrowing) | |||||||||||
| Dewey Decimal Classification | Central Library | Central Library | First floor | 13/08/2015 | Purchase | 551.8 BIL | 000011398 | 15/07/2025 | 13/08/2015 | Book - Borrowing |